[Event "Gligoric Cup (Women) 10th"]
[Site "Paracin"]
[Date "2024.05.21"]
[Round "1.2"]
[White "Jocic, Nina"]
[Black "Kordic, Una"]
[Result "1-0"]
[WhiteElo "1652"]
[BlackElo "1476"]
[PlyCount "103"]
[EventDate "2024.05.21"]
[EventType "team-swiss"]
[EventRounds "5"]
[EventCountry "SRB"]
[SourceTitle "CB22_2024"]
[SourceDate "2024.05.29"]
[SourceVersion "1"]
[SourceVersionDate "2024.05.29"]
[SourceQuality "1"]
[WhiteTeam "Pancevo Aljehin (W)"]
[BlackTeam "Belgrade Mirijevo (W)"]
[WhiteTeamCountry "SRB"]
[BlackTeamCountry "SRB"]

1. e4 e6 2. d4 d5 3. exd5 exd5 4. Bd3 Nf6 5. h3 h6 6. Nf3 Be7 7. 0-0 0-0 8. Bf4 c6 9. Nbd2 Be6 10. Ne5 Nbd7 11. Ndf3 Ne4 12. Qe2 Bf5 13. Nxd7 Qxd7 14. Ne5 Qe6 15. Qh5 Bg6 16. Nxg6 Qxg6 17. Qxg6 fxg6 18. Be5 Bf6 19. Bxe4 Bxe5 20. Bxd5+ cxd5 21. dxe5 Rfe8 22. Rfe1 Re7 23. Rad1 Rc8 24. c3 Rd8 25. Rd4 Kf7 26. Ra4 a6 27. Rb4 b5 28. a4 bxa4 29. Rxa4 Re6 30. f4 Rb8 31. Re2 Rbe8 32. Rd4 Rd8 33. Red2 Rb6 34. Kf2 Ke6 35. c4 Rb7 36. cxd5+ Kf7 37. Kf3 a5 38. Ke4 Rb5 39. Rc4 Rb7 40. Kd4 Ke7 41. Kc3 Rbd7 42. Rc5 Ra7 43. Rc6 g5 44. f5 Rad7 45. d6+ Ke8 46. Kd4 g6 47. f6 Kf7 48. Kd5 Re8 49. Rc7 Rxc7 50. dxc7 Rc8 51. Kc6 Ke8 52. Kb7 1-0

[Event "Vojvodina-chT (Women) 29th"]
[Site "Novi Sad"]
[Date "2023.11.11"]
[Round "3.1"]
[White "Srbljanin, Dunja"]
[Black "Kordic, Una"]
[Result "0-1"]
[WhiteElo "1272"]
[BlackElo "1037"]
[PlyCount "46"]
[EventDate "2023.11.09"]
[EventType "team-swiss"]
[EventRounds "5"]
[EventCountry "SRB"]
[SourceTitle "CB46_2023"]
[SourceDate "2023.11.15"]
[SourceVersion "1"]
[SourceVersionDate "2023.11.15"]
[SourceQuality "1"]
[WhiteTeam "Apatin Velemajstor (W)"]
[BlackTeam "Novi Sad Bubamara (W)"]
[WhiteTeamCountry "SRB"]
[BlackTeamCountry "SRB"]

1. c4 e5 2. Nc3 Nc6 3. g3 f5 4. Bg2 Nf6 5. d3 Bb4 6. Bd2 0-0 7. a3 Bxc3 8. Bxc3 d6 9. e3 Qe7 10. Ne2 h6 11. 0-0 g5 12. f4 Bd7 13. b4 exf4 14. exf4 Qe3+ 15. Kh1 Ng4 16. Bd5+ Kh7 17. Qd2 Rae8 18. Rae1 Nf2+ 19. Kg2 Nxd3 20. Qxe3 Rxe3 21. Rd1 Rxe2+ 22. Kf3 Rfe8 23. Rxd3 g4# 0-1